000 00504nam a2200181 a 4500
001 0344
005 20140414132017.0
008 040910s19uu xx 00 eng d
020 _a0-590-27564-X
050 _aTR
_bD65 1994
100 _aGibson, Akimi
245 _aDon't be late /
_cwritten by Akimi Gibson ; illustrated by Dennis Ziemienski.
260 _aNew York :
_bScholastic,
_c1994.
300 _ap. ; cm.
650 _aAnimals
_xFiction.
650 _aMessages
_xFiction.
999 _c113386
_d113386